বার্ট্র্যান্ড রাসেল / (Record no. 9377)
[ view plain ]
| 000 -LEADER | |
|---|---|
| fixed length control field | 00671nam a2200217 a 4500 |
| 001 - CONTROL NUMBER | |
| JCCL Control Number | 9377 |
| 003 - CONTROL NUMBER IDENTIFIER | |
| JCCL marc code | BD-JhCC |
| 005 - DATE AND TIME OF LATEST TRANSACTION | |
| control field | 20180313170354.0 |
| 008 - FIXED-LENGTH DATA ELEMENTS--GENERAL INFORMATION | |
| fixed length control field | 180313s1975 bg |||| ||a| 000 0 b d |
| 035 ## - SYSTEM CONTROL NUMBER | |
| system control number | (BD-JhCC)9377 |
| 040 ## - CATALOGING SOURCE | |
| Original cataloging agency | BD-JhCC |
| Modifying agency | BD-JhCC |
| 041 ## - LANGUAGE CODE | |
| Language code of Book | ben |
| 082 ## - DEWEY DECIMAL CLASSIFICATION NUMBER | |
| Classification number | 100 |
| Author mark and Year | AHM 1975 |
| 100 ## - MAIN ENTRY--PERSONAL NAME | |
| Personal name | আহমদ, মফিজউদ্দিন । |
| 245 ## - TITLE STATEMENT | |
| Title | বার্ট্র্যান্ড রাসেল / |
| Statement of responsibility, etc | মফিজুদ্দিন আহমদ । |
| 260 ## - PUBLICATION, DISTRIBUTION, ETC. (IMPRINT) | |
| Place of publication, distribution, etc | ঢাকা : |
| Name of publisher, distributor, etc | বেঙ্গল অফসেট প্রেস; |
| Date of publication, distribution, etc | 1975. |
| 300 ## - PHYSICAL DESCRIPTION | |
| Pagination | 197 p. : |
| Dimensions | 22 cm. |
| 651 ## - SUBJECT ADDED ENTRY--GEOGRAPHIC NAME | |
| Geographic name | philosphy. |
| 942 ## - ADDED ENTRY ELEMENTS (KOHA) | |
| Source of classification or shelving scheme | Dewey Decimal Classification |
| Koha item type | Books |
| Source of classification or shelving scheme | Damaged status | Not for loan | Home library | Current library | Shelving location | Date of accession | Cost, normal purchase price | Total Checkouts | Full call number | Barcode | Date last seen | Date checked out | Copy number | Koha item type |
|---|---|---|---|---|---|---|---|---|---|---|---|---|---|---|
| Dewey Decimal Classification | JCC Rouf Library | JCC Rouf Library | General Stacks | 07/28/2024 | 15.00 | 1 | 100 AHM 1975 | 12067 | 08/01/2024 | 07/28/2024 | C - 1 | Books |